Find the Missing Fauna in TV Shows Quiz Stats

 Plays Quiz Updated Feb 28, 2018

Score 0/20 Timer 04:00
6 Plays Today
% Correct
Kung Fu PANDA
95%
Alvin and the CHIPMUNKS
93.9%
The Bugs BUNNY Show
93.2%
The Care BEARS
89.8%
DUCK Dynasty
88.9%
SHARK Tank
87%
Leave it to BEAVER
83.8%
The PENGUINS of Madagascar
83.1%
Captain KANGAROO
78.4%
Robot CHICKEN
75.4%
% Correct
The Magilla GORILLA Show
74.2%
BUCK Rogers in the 25th Century
72.1%
COUGAR Town
72%
Courage the Cowardly DOG
69.1%
MEERKAT Manor
67.1%
RAY Donovan
66.7%
CATFISH: The TV Show
57.3%
The CROCODILE Hunter
57.1%
Biker MICE from Mars
51.3%
Big WOLF on Campus
44.9%

You're not logged in!

Compare scores with friends on all Sporcle quizzes.
OR
Log In

Show Comments

Extras

Top Quizzes Today


Score Distribution

Your Account Isn't Verified!

In order to create a playlist on Sporcle, you need to verify the email address you used during registration. Go to your Sporcle Settings to finish the process.

Report this User

Report this user for behavior that violates our Community Guidelines.

Details: